000 00632cam a2200217 a 4500
001 000008646
005 20200929161358.0
008 810302s1979 sp 000 f spa d
020 _a847017780X
040 _aDO-SdBNP
_cDLC
_dBNPHU
082 _a863.6
_bC392s
100 1 _aCela, Camilo José,
_d1916-2002.
_93188
245 1 4 _aLos sueños vanos, los angeles curiosos /
_cCamilo José Cela.
260 _aBarcelona :
_bArgos Vergara,
_c1979.
300 _a381 p. ;
_c20 cm.
650 4 _aNovela española
_91123
650 4 _aLiteratura española
_9632
910 _aCatalogación por copia / LC
910 _aWM
049 _aBNGR
999 _c8416
_d8416